A modern history of Japan : from Tokugawa times to the present
Αποθηκεύτηκε σε:
| Κύριος συγγραφέας: | |
|---|---|
| Μορφή: | Βιβλίο |
| Γλώσσα: | English |
| Δημοσίευση: |
New York; Oxford :
Oxford University Press,
2003
|
| Θέματα: | |
| Ετικέτες: |
Προσθήκη ετικέτας
Δεν υπάρχουν, Καταχωρήστε ετικέτα πρώτοι!
|
MARC
| LEADER | 00000nam a2200000 i 4500 | ||
|---|---|---|---|
| 001 | 1/24705 | ||
| 008 | 130118s2003 eng d | ||
| 020 | |a 0-19-511061-7 | ||
| 035 | |l 10113507 | ||
| 040 | |a GR-MY-UA |b gre |e aacr | ||
| 041 | 0 | |a eng | |
| 082 | 0 | |a 952 |2 (22) | |
| 100 | 1 | |a Gordon, Andrew |d 1952- | |
| 245 | 1 | 2 | |a A modern history of Japan : |b from Tokugawa times to the present / |c Andew Gordon |
| 260 | |a New York; Oxford : |b Oxford University Press, |c 2003 | ||
| 300 | |a xiv, 384 σ.; |c 24 εκ. | ||
| 504 | |a Περιλαμβάνει βιβλιογραφία και ευρετήριο | ||
| 651 | 0 | |a Japan |x History |y Tokugawa period, 1600-1868. | |
| 651 | 0 | |a Japan |x History |y 1868- | |
| 852 | |a INST |b LESVOS |e 20130118 |h 952 GOR |p 005100052064 |q 005100052064 |t BK |y 0 | ||
| 901 | |a BIBL1-2013-1 | ||
| 909 | |a Λ |b 177867 | ||
| 922 | |a 1ΕΛΗ |b 201301 |c ΤΜΗΜΑ ΚΟΙΝΩΝΙΚΗΣ ΑΝΘΡΩΠΟΛΟΓΙΑΣ ΚΑΙ ΙΣΤΟΡΙΑΣ |d ΙΩΑΝΝΙΔΟΥ | ||
| 970 | |a ΤΖΑΦΕΡΗ |b ΕΥΑΓΓΕΛΙΑ |z 2013/01/17 | ||